000 00991nam a2200265 a 4500
001 000030508
003 DO-SdBNP
005 20220929134839.0
007 ta
008 110523s2011 dr er 001 ebspa d
020 _a9789945004458
040 _aDO-SdBNP
_bspa
_cBNPHU
082 4 _a362.4
_bC348j
_222
100 1 _aCastellanos, Socorro
_957129
245 1 0 _aJohanna :
_bmi hija /
_cSocorro Castellanos.
260 _aSanto Domingo :
_bBúho,
_c2011.
300 _a138 p. ;
_c23 cm.
500 _aIncluye datos biográficos de la autora en la solapa de la cubierta.
505 _tCuando menos uno lo espera.--
_tInicio de la vida.--
_tNunca te rindas.--
_tCáncer.--
_tEntonces caí yo.--
_tEl final final.
590 _aInventariado, 2018/BT
650 4 _aPersonas con discapacidades
_xCorrespondencia, memorias, etc.
_957130
650 4 _aPadres de niños con discapacidades
_xCorrespondencia, memorias, etc.
_957131
910 _aValidado. Control de calidad. EMS
942 _2ddc
_cLBS1
999 _c30000
_d30000